Lives of famous French painters, from Ingres to Picasso. (Record no. 32120)
[ view plain ]
| 000 -LEADER | |
|---|---|
| fixed length control field | 00730cam a22002651 4500 |
| 001 - CONTROL NUMBER | |
| control field | 8844338 |
| 003 - CONTROL NUMBER IDENTIFIER | |
| control field | BDDh-ASL |
| 005 - DATE AND TIME OF LATEST TRANSACTION | |
| control field | 20231015031343.0 |
| 008 - FIXED-LENGTH DATA ELEMENTS--GENERAL INFORMATION | |
| fixed length control field | 780921s1952 nyua 000 0 eng |
| 010 ## - LIBRARY OF CONGRESS CONTROL NUMBER | |
| LC control number | 52028626 |
| 035 ## - SYSTEM CONTROL NUMBER | |
| System control number | (OCoLC)4243053 |
| 040 ## - CATALOGING SOURCE | |
| Original cataloging agency | DLC |
| Transcribing agency | BDDh-ASL |
| Modifying agency | DLC |
| 041 ## - LANGUAGE CODE | |
| Language code of text/sound track or separate title | eng |
| 042 ## - AUTHENTICATION CODE | |
| Authentication code | premarc |
| 050 00 - LIBRARY OF CONGRESS CALL NUMBER | |
| Classification number | ND552 |
| Item number | .W4 |
| 082 ## - DEWEY DECIMAL CLASSIFICATION NUMBER | |
| Classification number | 927.5 |
| Item number | WEL |
| 100 1# - MAIN ENTRY--PERSONAL NAME | |
| Personal name | Wechsler, Herman Joel, |
| Dates associated with a name | 1904- |
| 245 10 - TITLE STATEMENT | |
| Title | Lives of famous French painters, from Ingres to Picasso. |
| 260 ## - PUBLICATION, DISTRIBUTION, ETC. | |
| Place of publication, distribution, etc. | New York, |
| Name of publisher, distributor, etc. | Pocket Books |
| Date of publication, distribution, etc. | [1952] |
| 300 ## - PHYSICAL DESCRIPTION | |
| Extent | 208 p. |
| Other physical details | illus. |
| Dimensions | 16 cm. |
| 490 0# - SERIES STATEMENT | |
| Series statement | A Cardinal ed., |
| Volume/sequential designation | C-28 |
| 650 #0 - SUBJECT ADDED ENTRY--TOPICAL TERM | |
| Topical term or geographic name entry element | Painters |
| Geographic subdivision | France. |
| 906 ## - LOCAL DATA ELEMENT F, LDF (RLIN) | |
| a | 7 |
| b | cbc |
| c | oclcrpl |
| d | u |
| e | ncip |
| f | 19 |
| g | y-gencatlg |
| 942 ## - ADDED ENTRY ELEMENTS (KOHA) | |
| Source of classification or shelving scheme | Dewey Decimal Classification |
| Koha item type | Books |
| Withdrawn status | Lost status | Source of classification or shelving scheme | Damaged status | Not for loan | Collection code | Home library | Current library | Shelving location | Date acquired | Source of acquisition | Total Checkouts | Full call number | Barcode | Date last seen | Copy number | Price effective from | Koha item type | Public note |
|---|---|---|---|---|---|---|---|---|---|---|---|---|---|---|---|---|---|---|
| Dewey Decimal Classification | Non-fiction | Asiatic Society Library | Asiatic Society Library | General Stacks | 04/26/2023 | Donated by Prof. Husniara Huq - A.K.M Azizul Haq Collection | 927.5 WEL | 120914 | 04/26/2023 | C-1 | 04/26/2023 | Books | Y-1952 |